In broad daylight: movies and Spectators ofter the Cinema. (Record no. 640312)

MARC details
000 -LEADER
fixed length control field 00781nam a2200229Ia 4500
003 - CONTROL NUMBER IDENTIFIER
control field OSt
005 - DATE AND TIME OF LATEST TRANSACTION
control field 20251022101914.0
008 - FIXED-LENGTH DATA ELEMENTS--GENERAL INFORMATION
fixed length control field 220923b |||||||| |||| 00| 0 eng d
020 ## - INTERNATIONAL STANDARD BOOK NUMBER
International Standard Book Number 9781844678532
037 ## - SOURCE OF ACQUISITION
Terms of availability General Book
040 ## - CATALOGING SOURCE
Original cataloging agency RTL
Transcribing agency RTL
Language of cataloging eng
041 ## - LANGUAGE CODE
Source of code eng
Language code of text/sound track or separate title eng
084 ## - COLON CLASSIFICATION NUMBER
Classification number Y:3(NW), Q2
Assigning agency RTL
100 ## - MAIN ENTRY--PERSONAL NAME
Personal name Pedulla, Gabriele.
9 (RLIN) 328297
245 #0 - TITLE STATEMENT
Title In broad daylight: movies and Spectators ofter the Cinema.
260 ## - PUBLICATION, DISTRIBUTION, ETC.
Place of publication, distribution, etc. New York
Name of publisher, distributor, etc. Verso
Date of publication, distribution, etc. 2012
300 ## - PHYSICAL DESCRIPTION
Extent 171 p.
Dimensions cm.
Other physical details Includes bibliographical references and index.
650 ## - SUBJECT ADDED ENTRY--TOPICAL TERM
Topical term or geographic name entry element Sociology
9 (RLIN) 849092
700 ## - ADDED ENTRY--PERSONAL NAME
Personal name Gaborik, Patricia.
Relator term Translator
9 (RLIN) 849093
942 ## - ADDED ENTRY ELEMENTS (KOHA)
Classification part Y:3(NW), Q2
Koha item type General Books
Source of classification or shelving scheme Colon Classification (CC)
Suppress in OPAC No
Holdings
Withdrawn status Lost status Source of classification or shelving scheme Damaged status Not for loan Home library Current library Date acquired Source of acquisition Cost, normal purchase price Total Checkouts Full call number Barcode Date last seen Cost, replacement price Price effective from Koha item type
    Colon Classification (CC)     Ratan Tata Library Ratan Tata Library 2022-09-26 G-1916/12-13, 20/09/2012, Manohar Publishers & Distributors 1119.98   Y:3(NW), Q2 RT1477024 2022-09-26 1119.98 2022-09-26 General Books
Copyright @ Delhi University Library System